| 000 | 00345nam a2200145Ia 4500 | ||
|---|---|---|---|
| 008 | 190704s9999||||xx |||||||||||||| ||und|| | ||
| 020 | _a9781846816965 | ||
| 082 |
_a701 _bSEE/M |
||
| 100 | _aSeelig, Tim | ||
| 245 | 0 | _aMastering the Art of MANGA | |
| 260 |
_aLondon _bAnness Pub. _c2010 |
||
| 300 | _a256p | ||
| 700 | _aLi, Yishan | ||
| 942 | _cBK | ||
| 999 |
_c6173 _d6173 |
||